Представление документа в формате MARC21

Поле Инд. ПП Название Значение
Тип записи m
Библиографический уровень m
001 Контрольный номер RU/LIBMSTU/392982422
005 Дата корректировки 20250221161535.4
008 Кодируемые данные 121117|||||||||ru |||||||||||||||||rus||
040 b Код языка каталог. rus
041 0_ a Код языка текста rus
084 a Индекс другой классификации/Индекс ББК 94+87.21+87.22+87.3(3)
090 x Авторский знак Р 69
100 1_ a Автор Романов П. Е.
245 10 a Заглавие Эволюция исследований языка и сознания в аналитической философии
b Продолж. заглавия автореф. дис. ... канд. филос. наук : 09.00.03
c Ответственность ФГБОУ ВПО "Мурман. гос. техн. ун-т"
h Физич. носитель Электронный ресурс
256 a Характеристики компьютерного файла Электрон. текстовые дан. (1 файл : 246 Кб)
260 a Место издания Мурманск
c Дата издания 2011
500 a Примечание URL: https://mstu.mauniver.ru/science/diss/k307_09_01/files/romanov.pdf
500 a Примечание Загл. с экрана
500 a Примечание Имеется печ. аналог 2011 г.
583 x Служебное примечание Полнотекстовые документы
x Служебное примечание Труды преподавателей МГТУ
650 04 a Основная рубрика Аналитическая философия-Авторефераты диссертаций
650 14 a Основная рубрика Язык-Философские проблемы-Авторефераты диссертаций
653 0_ a Ключевые слова Авторефераты диссертаций; Атомизм; Лингвистические теории; Семантика; Философия аналитическая; Электронные версии; Язык (философия)
a Ключевые слова Труды преподавателей МГТУ
856 40 u URL https://mstu.mauniver.ru/science/diss/k307_09_01/files/romanov.pdf
901 t Тип документа r